Muhammad : his life based on the earliest sources . (Record no. 3853)
[ view plain ]
| 000 -LEADER | |
|---|---|
| fixed length control field | 00891nac a22002171u 4500 |
| 010 ## - LIBRARY OF CONGRESS CONTROL NUMBER | |
| LC control number | 009387145 |
| 020 ## - INTERNATIONAL STANDARD BOOK NUMBER | |
| International Standard Book Number | 0892810467 |
| 022 ## - INTERNATIONAL STANDARD SERIAL NUMBER | |
| International Standard Serial Number | 0042970423 |
| 082 ## - DEWEY DECIMAL CLASSIFICATION NUMBER | |
| Classification number | 297.63 |
| Item number | L647 |
| 090 ## - LOCALLY ASSIGNED LC-TYPE CALL NUMBER (OCLC); LOCAL CALL NUMBER (OCLC) | |
| -- | 3853 |
| -- | 3853 |
| 100 ## - MAIN ENTRY--PERSONAL NAME | |
| Personal name | Lings, Martin, |
| 245 ## - TITLE STATEMENT | |
| Title | Muhammad : his life based on the earliest sources . |
| Remainder of title | his life based on the earliest sources / |
| Statement of responsibility, etc | by Martin Lings |
| 260 ## - PUBLICATION, DISTRIBUTION, ETC. (IMPRINT) | |
| Place of publication, distribution, etc | London : |
| Name of publisher, distributor, etc | Islamic Texts Society, 1983. |
| Date of publication, distribution, etc | C.1983. |
| 300 ## - PHYSICAL DESCRIPTION | |
| Extent | 359p. : |
| Other physical details | 1geneal.table,1map ; |
| Dimensions | 24cm. |
| 500 ## - GENERAL NOTE | |
| General note | Includes index. |
| 650 ## - SUBJECT ADDED ENTRY--TOPICAL TERM | |
| Topical term or geographic name as entry element | Murhammad, Prophet, d. 632 -- Biography. |
| 650 ## - SUBJECT ADDED ENTRY--TOPICAL TERM | |
| Topical term or geographic name as entry element | Muslims -- Saudi Arabia -- Biography. |
| 650 ## - SUBJECT ADDED ENTRY--TOPICAL TERM | |
| Topical term or geographic name as entry element | Islam Muhammad (Prophet) _ Biographies |
| 942 ## - ADDED ENTRY ELEMENTS (KOHA) | |
| Item type | Book - Borrowing |
| Call number prefix | 297.63 L647 |
| Withdrawn status | Item status | Source of classification or shelving scheme | Damaged status | Not for loan | Home library | Current library | Shelving location | Date acquired | Source of acquisition | Total Checkouts | Total Renewals | Full call number | Barcode | Date last seen | Date last borrowed | Koha item type |
|---|---|---|---|---|---|---|---|---|---|---|---|---|---|---|---|---|
| Dewey Decimal Classification | Central Library | Central Library | Lower Floor | 22/07/2007 | Purchase | 5 | 49 | 297.63 LIN | 000030041 | 15/07/2025 | 10/03/2020 | Book - Borrowing |